000 01420nam a2200361 i 4500
001 70683
003 Mx-PuUPA
005 20240410104332.0
008 230810s2018 sp a|||gr|||| 00| 0 spa d
017 _aB 3434-2012
020 _a9788426134479
040 _aMx-PuUPA
_bspa
_cMx-PuUPA
_dMx-PuUPA
_erda
041 1 _aspa
_hfre
100 1 _aRuillier, Jérôme,
_d1966-
_914611
_eautor
240 1 0 _aQuatre petits coins de rien du tout.
_lEspañol
245 1 4 _aPor cuatro esquinitas de nada /
_cJérôme Ruillier ; traducción castellana, Élodie Bourgeois
250 _aNovena edición
264 1 _aBarcelona :
_bEditorial Juventud,
_c2018
300 _a1 volumen (sin paginación) :
_bilustraciones (a color) ;
_c22 cm
336 _2rdacontent
_atexto
_btxt
337 _2rdamedia
_asin medio
_bn
338 _2rdacarrier
_avolumen
_bnc
650 7 _2armarc
_aAmistad
_xLiteratura infantil
650 7 _2armarc
_aFiguras geométicas
_xLiteratura infantil
650 7 _2armarc
_aLibros ilustrados para niños
650 7 _2armarc
_aCuentos infantiles
700 1 _aBourgeois, Élodie,
_etraductor
765 0 8 _aRuillier, Jérôme, 1966-
_dBarcelona : Bilboquet-Valbert, 2004
_tQuatre petits coins de rien du tout.
942 _2ddc
_cLI
_h808.068
_iR934
999 _c70683
_d70683